|
|
|
|
| LEADER |
00000nas a2200000 i 4500 |
| 001 |
ssj0035230 |
| 003 |
WaSeSS |
| 005 |
20200512172242.0 |
| 006 |
m d |
| 007 |
cr n |
| 008 |
050304d19621965pautr pos 0 a0eng |
| 010 |
|
|
|a 2012201569
|
| 022 |
|
|
|a 2168-359X
|l 0887-4603
|y 0887-4603
|
| 035 |
|
|
|a (WaSeSS)ssj0035230
|
| 040 |
|
|
|a MUB
|b eng
|e pn
|c MUB
|d OCLCQ
|d CIT
|d OCLCS
|d DLC
|d OCLCQ
|d OCLCF
|d OCLCO
|d TXA
|d OCLCO
|d NTG
|d AU@
|d VT2
|d OCL
|d WaSeSS
|
| 042 |
|
|
|a pcc
|a nsdp
|
| 050 |
1 |
4 |
|a QA402.3
|b .S22
|
| 082 |
1 |
0 |
|a 629
|2 14
|
| 130 |
0 |
|
|a Journal of the Society for Industrial and Applied Mathematics.
|n Series A,
|p On control (Online)
|
| 210 |
1 |
0 |
|a J. Soc. Ind. Appl. Math., A, On control
|b (Online)
|
| 222 |
|
0 |
|a Journal of the Society for Industrial and Applied Mathematics. Series A, On control
|b (Online)
|
| 245 |
1 |
0 |
|a Journal of the Society for Industrial and Applied Mathematics.
|n Series A,
|p On control
|h [electronic resource].
|
| 246 |
1 |
|
|i Issues for 1964-1965 have title:
|a Journal of the Society for Industrial and Applied Mathematics.
|n Series A,
|p Control
|
| 246 |
1 |
|
|a J. SIAM control
|
| 246 |
1 |
|
|a On control
|
| 246 |
1 |
|
|a Control
|
| 260 |
|
|
|a [Philadelphia, PA] :
|b SIAM,
|c 1962-1966.
|
| 310 |
|
|
|a Three issues a year,
|b 1964-1965
|
| 321 |
|
|
|a One issue a year,
|b 1962
|
| 321 |
|
|
|a Two issues a year,
|b 1963
|
| 362 |
1 |
|
|a Began with: Vol. 1, no. 1 (1962); ceased with: Vol. 3, no. 3 (1965).
|
| 506 |
|
|
|a License restrictions may limit access.
|
| 538 |
|
|
|a Mode of access: World Wide Web.
|
| 588 |
|
|
|a Description based on: Vol. 1, no. 1 (1962); title from issue table of contents ( SIAM's Online Journal Archive home page, viewed Mar. 3, 2005).
|
| 588 |
|
|
|a Last issue consulted: Vol. 3, no. 3 (1965) (SIAM website, viewed June 20, 2012).
|
| 650 |
|
0 |
|a Control theory
|v Periodicals.
|
| 650 |
|
7 |
|a Control theory.
|2 fast
|0 (OCoLC)fst00877085
|
| 655 |
|
0 |
|a Electronic journals.
|
| 710 |
2 |
|
|a Society for Industrial and Applied Mathematics.
|
| 776 |
0 |
8 |
|i Print version
|t Journal of the Society for Industrial and Applied Mathematics. Series A, On control
|x 0887-4603
|w (DLC)sn 86014847
|w (OCoLC)6096395
|
| 785 |
0 |
0 |
|t SIAM journal on control (Online)
|w (OCoLC)700118984
|
| 856 |
4 |
0 |
|z Full text available from Research Library: 1962 to 1965
|u https://search.proquest.com/publication/666312
|